Riconosci la Squadra di calcio - Quiz n°216 - Statistics

Statistiche generali
  • Questo quiz è stato fatto 13 volte
  • Il punteggio medio è 6 su 9
Statistiche sulle risposte
Indizio Risposta % Corretto
Colori sociali Bianco, nero
100%
Titoli nazionali 4 Campionati francesi di seconda divisione
80%
Trofei nazionali 0
70%
Divisione nazionale 2023-2024 Seconda
70%
Confederazione UEFA
70%
Trofei internazionali 0
60%
Fondazione 1919
60%
Capienza Stadio 19 800 posti
50%
Squadra Angers
40%
Nessun quiz corrispondente trovato
Distribuzione punteggi
Percentuale di utenti per punteggio
Percentile per numero di risposta
I tuoi punteggi nel tempo
Non hai fatto questo quiz